| 000 | 00832nam a22002297a 4500 | ||
|---|---|---|---|
| 999 |
_c11120 _d11120 |
||
| 003 | AR-CdUCM | ||
| 008 | 190402b ||||| |||| 00| 0 spa d | ||
| 040 |
_aMUNICIPALIDAD PROVINCIAL DEL CUSCO _cBIBLIOTECA MUNICIPAL DEL CUSCO |
||
| 082 |
_a869.56 / _bZ36 / 1941 |
||
| 100 |
_aZárate, Fidel A. _926008 |
||
| 245 | _aLos lares iluminados / | ||
| 260 |
_aLima : _bEmpresa Editora Peruana, _c1941. |
||
| 300 |
_a364 páginas ; _c18 cm. |
||
| 500 | _aSin tapa delantera del Libro, Hojas en mal estado. | ||
| 505 | _aContenido: Juicios diversos -- Palabras a Contumazá -- Prefacio -- De Lima al Cerro de Pasco y la Quinua -- El alma Flotante de Kúntur-Maza ... | ||
| 650 |
_aCuentos Peruanos _933 |
||
| 650 |
_aSiglo XX _98 |
||
| 650 |
_aCritica Literaria _92609 |
||
| 650 |
_aPerú _935 |
||
| 942 |
_2ddc _cLIBROS |
||
| 945 | _acmm | ||